Statistics for All About Steph- for Jordan

Click here to take the quiz!

General Stats

  • This quiz has been taken 2 times
  • The average score is 13 of 19

Answer Stats

Question:Answer% Correct
What is my middle name?Kayleigh
100%
What is my favourite subject?Healthcare
100%
What is my favourite colour?jamaican aqua
100%
How much older is my sister then me?7 years
100%
How much older is my brother than me?10 years
100%
What is my dog's name?Raider
100%
What is my softball number?19
100%
When is my birthday?October 19
100%
What is my rugby position?Flanker
50%
What was my first job?Shopper's Drug Mart
50%
What was my first pet's name?Duddly
50%
What do I want to go to school for?Nursing
50%
What is my fave show?Grey's Anatomy
50%
What is the name of my elementary school?Resurrection
50%
How many years have I played Softball?14
50%
What baseball player do I share a birthday with?Bautista
50%
Who is my favourite disney princess?Rapunzel
50%
What is my favourite food?Steak and potatoes
0%
what is my favourite movie?How To Train A Dragon
0%

Score Distribution

Percentile by Number Answered

Percent of People with Each Score

Your Score History

You have not taken this quiz